=LDR 00000nam 2200000 4500 =001 INLIS000000000015118 =005 20130612110412 =008 ***********************************Ind** =035 ##$$0010-061300000015118 =041 ##$$a Ind =082 ##$$a 372.652.1 =090 ##$$a 372.652.1, PEL-p =245 ##$$a Pelajaran Bahasa Inggris, Muatan Lokal Kurikulum SD 1994 Pendidikan Dasar jilid 3b untuk Sekolah Dasar Kelas 6 setengah cawu II, cawu III, Sayuto Budhiharsono, Maskuri Latief, BA dkk =260 ##$$a 1994/1997 $b Semarang =300 ##$$a III, 52 hlm, Ilus, 22cm =650 ##$$a Pendidikan Dasar-Bahasa Inggris =700 ##$$a Budiharsono, Sayuto =850 ##$$a NBPNMAT